Car Manufacturers Quiz Stats

 Plays Quiz not verified by Sporcle

Support Sporcle.
Go Orange.
Score 0/103 Timer 15:00
0 Plays Today
Manufacturer % Correct
Ford
95.7%
BMW
93%
Mercedes
93%
Ferrari
92.2%
Hyundai
91.3%
Volkswagen
91.3%
Honda
90.4%
Lamborghini
90.4%
Audi
89.6%
Nissan
89.6%
Toyota
88.7%
Chevrolet
87%
Fiat
86.1%
Renault
86.1%
Jaguar
85.2%
Mazda
85.2%
Aston Martin
84.3%
Volvo
84.3%
Mitsubishi
82.6%
Porsche
82.6%
Alfa Romeo
81.7%
Peugeot
81.7%
Bentley
80.9%
Cadillac
80.9%
Citroen
80.9%
Subaru
80.9%
Opel
80.9%
Dodge
80%
Mini
79.1%
Bugatti
78.3%
Kia
78.3%
Suzuki
76.5%
SEAT
75.7%
Skoda
75.7%
Jeep
74.8%
Manufacturer % Correct
Saab
74.8%
Lexus
73.9%
Land Rover
72.2%
Mclaren
72.2%
Vauxhall
72.2%
Lotus
69.6%
Maserati
69.6%
Chrysler
68.7%
Rolls-Royce
67.8%
Tesla
67%
Lancia
66.7%
Pontiac
64.3%
AC
63.5%
Dacia
63.5%
Infiniti
63.5%
Buick
60%
MG
59.1%
Acura
59.1%
Daihatsu
56.5%
Isuzu
56.5%
Lincoln
56.1%
Abarth
54.8%
Holden
54.8%
RAM
53.5%
Hummer
52.2%
Maybach
51.3%
Koenigsegg
50.9%
Smart
50.4%
SsangYong
50.4%
TVR
46.1%
Mercury
45.2%
Alpine
42.6%
DS
41.7%
Daewoo
40.9%
Ascari
39.1%
Manufacturer % Correct
Oldsmobile
38.5%
Noble
38.3%
MAN
37.4%
Morgan
37.4%
Shelby
36.8%
Proton
35.7%
Saturn
33.9%
Ginetta
33%
Plymouth
32.9%
W Motors
32.2%
Iveco
31.3%
Nio
31.3%
Ariel
27.8%
BAC
24.8%
Marcos
24.3%
Polaris
23.5%
Trident
22.6%
Great Wall
21.7%
Bristol
20.9%
DongFeng
20.9%
Radical
20.9%
Lynk
19.1%
Polestar
18.3%
Zenos
18.3%
Genesis
15.7%
LDV
15.7%
Qoros
14.8%
Geely
13%
Perodua
9.6%
Emgrand
8.7%
Fisker
8.7%
Invictia
7%
Changan
5.2%

You're not logged in!

Compare scores with friends on all Sporcle quizzes.
OR
Log In

From the Vault

'S' Country Logic Puzzle

by soaf

These countries are simply smashing.
Remove Ads.
Support Sporcle.
Get the best of Sporcle when you Go Orange. This ad-free experience offers more features, more stats, and more fun while also helping to support Sporcle. Thank you for becoming a member.

Show Comments

Extras

Top Quizzes Today


Score Distribution

Your Account Isn't Verified!

In order to create a playlist on Sporcle, you need to verify the email address you used during registration. Go to your Sporcle Settings to finish the process.

Report this User

Report this user for behavior that violates our Community Guidelines.

Details: